| 000 | 00452nam a22001577a 4500 | ||
|---|---|---|---|
| 003 | OSt | ||
| 008 | 230221b |||||||| |||| 00| 0 eng d | ||
| 041 | _amal | ||
| 082 |
_a211.6 _bJAL/MA |
||
| 100 |
_aJaleel, K.T _95370 |
||
| 245 |
_aMatham Mathabhranth Mathetharathwam _bമതം മതഭ്രാന്ത് മതേതരത്വം |
||
| 250 | _a4th | ||
| 260 |
_aThiruvananthapuram _bChintha Publishers _c2022 |
||
| 300 | _a184 | ||
| 942 | _cBK | ||
| 999 |
_c17621 _d17621 |
||